| 000 | 01151cam a22002413a 4500 | ||
|---|---|---|---|
| 001 | 124 | ||
| 003 | PGUSA | ||
| 005 | 20140828082944.0 | ||
| 008 | 940401s1994||||xxu|||||s|||||000 | eng d | ||
| 040 |
_aPGUSA _beng |
||
| 042 | _adc | ||
| 050 | 4 | _aBS | |
| 245 | 1 | 0 |
_aDeuterocanonical Books of the Bible : _bApocrypha _h[electronic resource] / _cAnonymous |
| 260 |
_bProject Gutenberg, _c1994 |
||
| 505 | 0 | _aThe First Book of Esdras -- The Second Book of Esdras Esdras [sometimes Fourth Book of Ezra] -- The Greek Additions to Esther -- The First Book of the Maccabees -- The Second Book of the Maccabees -- The Book of Tobit -- The Book of Judith -- The Wisdom of Solomon -- The Book of Sirach (or Ecclesiasticus) -- The Book of Baruch -- The Epistle (or letter) of Jeremiah -- The Book of Susanna (in Daniel) -- The Prayer of Azariah -- The Prayer of Manasseh -- Bel and the Dragon (in Daniel). | |
| 506 | _aPublic domain in the USA. | ||
| 516 | _aElectronic text | ||
| 653 | _aApocryphal books (Old Testament) | ||
| 653 | _aBible. Apocrypha | ||
| 830 | 0 |
_aProject Gutenberg _v124 |
|
| 856 | 4 | 0 | _uhttp://www.gutenberg.org/ebooks/124 |
| 942 | _cEB | ||
| 999 |
_c229495 _d229495 |
||